[Event "IBCA-ol blind 13th"]
[Site "Heraklion"]
[Date "2008.10.23"]
[Round "5.4"]
[White "Bolliger, Willi"]
[Black "Uyanik, Kadir"]
[Result "1-0"]
[WhiteElo "1400"]
[BlackElo "1400"]
[PlyCount "93"]
[EventDate "2008.10.19"]
[EventType "team-swiss"]
[EventRounds "9"]
[EventCountry "GRE"]
[SourceTitle "EXT 2010"]
[Source "ChessBase"]
[SourceDate "2010.11.25"]
[SourceVersion "1"]
[SourceVersionDate "2010.11.25"]
[SourceQuality "1"]
[WhiteTeam "Switzerland (blind)"]
[BlackTeam "Turkey (blind)"]
[WhiteTeamCountry "SUI"]
[BlackTeamCountry "TUR"]

1. e4 e5 2. Nf3 Nc6 3. Bb5 Bc5 4. c3 Nf6 5. d4 exd4 6. cxd4 Bb4+ 7. Bd2 Nxe4 8. Qe2 d5 9. Bxb4 Bd7 10. Bxc6 Bxc6 11. Nc3 a5 12. Ba3 Qd7 13. Ne5 Qe6 14. Nxc6 Qxc6 15. 0-0 0-0-0 16. Nb5 Qa6 17. Rac1 c6 18. Nd6+ Nxd6 19. Qxa6 bxa6 20. Rxc6+ Kb7 21. Rxd6 Rde8 22. Rc1 Re4 23. Rd7+ Ka8 24. Rxd5 Rhe8 25. Kf1 f6 26. Rxa5 Rxd4 27. Rxa6+ Kb7 28. Ra7+ Kxa7 29. Bc5+ Ka6 30. Bxd4 Re4 31. Be3 Kb5 32. b3 f5 33. Bc5 Kc6 34. Bf8+ Kd5 35. Bxg7 Re7 36. Bh6 Kd4 37. b4 Kd3 38. b5 Re6 39. Bf4 h5 40. a4 h4 41. Rb1 Kc2 42. b6 Kxb1 43. b7 Re4 44. b8Q+ Kc2 45. Qc7+ Kb3 46. a5 Rxf4 47. Qxf4 1-0

[Event "IBCA-ol blind 13th"]
[Site "Heraklion"]
[Date "2008.10.22"]
[Round "4.4"]
[White "Uyanik, Kadir"]
[Black "Udupa, Srikrishna"]
[Result "0-1"]
[WhiteElo "1400"]
[BlackElo "2024"]
[PlyCount "34"]
[EventDate "2008.10.19"]
[EventType "team-swiss"]
[EventRounds "9"]
[EventCountry "GRE"]
[SourceTitle "EXT 2010"]
[Source "ChessBase"]
[SourceDate "2010.11.25"]
[SourceVersion "1"]
[SourceVersionDate "2010.11.25"]
[SourceQuality "1"]
[WhiteTeam "Turkey (blind)"]
[BlackTeam "India (blind)"]
[WhiteTeamCountry "TUR"]
[BlackTeamCountry "IND"]

1. e4 c5 2. Nf3 Nc6 3. a3 d5 4. exd5 Qxd5 5. Nc3 Qd8 6. Bc4 Nf6 7. Ng5 e6 8. d3 h6 9. Nxf7 Kxf7 10. 0-0 Bd6 11. Nb5 Bb8 12. f4 a6 13. Nc3 Nd4 14. Be3 Qc7 15. b4 b6 16. f5 Qxh2+ 17. Kf2 Bg3# 0-1